000
00319nam a2200145Ia 4500
008
230718s9999 xx 000 0 und d
041
_a
Eng.
082
_a
346.03
_b
LAL-L
100
_a
Lal Ratan
245
0
_a
Law of toarts
260
_a
Pakistan
_b
Law book Publisher
300
_a
250
650
_a
Law
999
_c
29931
_d
29931